| 000 | 01291nam a2200385 i 4500 | ||
|---|---|---|---|
| 001 | 8381 | ||
| 003 | KOSZ 005 | ||
| 005 | 20191016111604.0 | ||
| 008 | 070620s1969 pl a f 000 0 pol | ||
| 015 | _aPB 1969/6673 | ||
| 040 |
_aWA N _cWA N _dKOSZ 005/RW _dKOSZ 005/HR |
||
| 046 | _k1969 | ||
| 080 | _a621.38 | ||
| 080 | _a62-5 | ||
| 080 | _a(07) | ||
| 100 | 1 |
_aMroczek, Czesław. _eAutor. |
|
| 245 | 1 | 0 |
_aUrządzenia elektroniki i automatyki / _cCzesław Mroczek. |
| 250 | _aWyd. 3 zm. | ||
| 260 |
_aWarszawa : _bPaństwowe Wydawnictwo Szkolnictwa Zawodowego, _c1969. |
||
| 300 |
_a581, [1] s., 6 s. tabl. : _bil. ; _c23 cm. |
||
| 380 | _aKsiążki. | ||
| 380 | _aPublikacje dydaktyczne | ||
| 388 | _a1901-2000 | ||
| 500 | _aPoprz. wyd. pt.: Podstawy elektroniki i urządzenia elektronowe. | ||
| 504 | _aBibliogr. s. 581-[582]. | ||
| 521 | 8 | _aDla kl. 2 i 3 zsz. | |
| 658 | _aInżynieria i technika | ||
| 650 | 4 | _aElektronika | |
| 655 | 4 | _aPodręczniki dla szkół zawodowych | |
| 650 | 4 | _aAutomatyka | |
| 650 | 4 | _aUrządzenia | |
| 710 | 2 |
_aPaństwowe Wydawnictwo Szkolnictwa Zawodowego _4pbl. |
|
| 856 |
_uhttp://koha.tu.koszalin.pl/cgi-bin/koha/opac-detail.pl?biblionumber=8381 _yKatalog online BPK |
||
| 942 |
_2UKD _cKS |
||
| 999 |
_c8381 _d8381 |
||